000 00868nam a2200265Ia 4500
003 OSt
005 20220930072756.0
006 a|||||r|||| 00| 0
007 ta
008 220926b |||||||| |||| 00| 0 eng d
024 _a24926
037 _cTheses
040 _aCRL
_cCRL
_beng
041 _2eng
_aeng
100 _aManchanda Rahul
_9530403
110 _aUniversity of Delhi. Faculty of Medical Sciences. Department of Obstetrics and Gynaecology
245 0 _aRole of diagnostic laparoscopy in pelvic adnexal masses
260 _c1998
300 _a113p.
_ap.
_ccm.
650 _aWOMEN - DISEASES
700 _a Dr Pushpa Bhatia Supervisor
_9530050
700 _aUniversity of Delhi. Faculty of Medical Sciences. Department of Obstetrics and Gynaecology
942 _cDIS
_2CC
999 _c864299
_d864299